| 000 | 00795nam a22002657a 4500 | ||
|---|---|---|---|
| 003 | 0 | ||
| 005 | 20180712155433.0 | ||
| 008 | 0 | ||
| 010 | _aB-182130 | ||
| 020 |
_a8120327136 _c195.00 |
||
| 035 | _aB-182130, B-182134 | ||
| 037 | _bCen Lib/Ret | ||
| 040 |
_aDPL _bEN _c0 |
||
| 082 |
_a512 _bSOM |
||
| 100 |
_aSomasundaram _910010 |
||
| 245 |
_aNumerical methods with C++ programming / _cby Somasundaram [and] Chandrasekaran |
||
| 260 |
_aNew Delhi _bPrentice Hall _c2005 |
||
| 270 |
_aM-97, Connaught Circus _bNew Delhi _e110001 |
||
| 300 |
_ax, 226p. _c25cm(pbk) |
||
| 500 | _aIncludes index | ||
| 650 |
_aComputer science _xProgramming _910011 |
||
| 650 |
_aC++ languages _xNumerical methods _910012 |
||
| 700 |
_aChandrasekaram _910013 |
||
| 942 |
_2ddc _cEN _h512 _mSOM |
||
| 999 |
_c122402 _d122402 |
||